00653cam a22002411 4500001001300000003000400013005001700017008004100034010001700075025001800092035002000110040002100130042001200151050001600163100003100179245005600210260001100266300002800277500001400305504003000319650004500349999001700394sa 66006770 DLC20260227112259.0941012s1963 ii b 000 0 orio  asa 66006770  aPL480:I-O-611 a(OCoLC)31273877 aDLCcCUdCUdDLC apremarc00aPK2571b.P81 aPujari, Umacharana,d1938-10aOdiyā samālocanā sāhityara kramabikāśa. c[1963] a2, 2, 2, 186 p.c19 cm. aIn Oriya. aBibliography: p. 185-186. 0aOriya literaturexHistory and criticism. c70722d70722